Statistics for US Banned and Frequently Challenged Classic Books

Click here to take the quiz!

General Stats

  • This quiz has been taken 135 times
  • The average score is 14 of 46

Answer Stats

HintBanned Book% Correct
To K a MTo Kill a Mockingbird
89%
Of M and MOf Mice and Men
88%
The L of the RThe Lord of the Rings
85%
C-22Catch-22
83%
The C in the RThe Catcher in the Rye
80%
The L of the FThe Lord of the Flies
80%
The G GThe Great Gatsby
73%
G with the WGone with the Wind
71%
The G of WThe Grapes of Wrath
59%
O F over the C NOne Flew Over the Cuckoo's Nest
52%
S 5Slaughterhouse 5
51%
LLolita
45%
UUlysses
45%
As I L DAs I Lay Dying
44%
The C of the WThe Call of the Wild
40%
For W the B TFor Whom the Bell Tolls
34%
B N WBrave New World
31%
a F to AA Farewell to Arms
30%
A FAnimal Farm
30%
In C BIn Cold Blood
24%
The JThe Jungle
20%
A the K MAll the King's Men
18%
The C PThe Color Purple
18%
The N and the DThe Naked and the Dead
17%
1984
16%
a C OA Clockwork Orange
15%
G T I on the MGo Tell It on the Mountain
15%
S of SSong of Solomon
15%
BBeloved
13%
S and LSons and Lovers
13%
L C LLady Chatterley's Lover
12%
W in LWomen in Love
12%
a S PA Separate Peace
10%
S VSatanic Verses
9%
T of CTropic of Cancer
7%
C CCat's Cradle
6%
N LNaked Lunch
6%
R RRabbit, Run
5%
The AThe Awakening
5%
T E W W GTheir Eyes Were Watching God
5%
The S A RThe Sun Also Rises
5%
An A TAn American Tragedy
3%
B RBrideshead Revisited
3%
I MInvisible Man
3%
N SNative Son
3%
S CSophie's Choice
3%

Score Distribution

Percentile by Number Answered

Percent of People with Each Score

Your Score History

You have not taken this quiz